000 00769cam a2200241 a 4500
001 1670382
005 20171218082233.0
008 980420s1999 ctua b 001 0ceng
010 _a 98021664
020 _a0313303398 (alk. paper)
040 _aDLC
_cDLC
_dDLC
041 _aeng
043 _an-us---
080 _a325.73 BRO
082 0 0 _a325.73 BRO
_221
100 1 _a23
101 _aFJA
245 1 0 _aShapers of the great debate on immigration :
_cMary Elizabeth Brown.
504 _aIncludes bibliographical references and index.
906 _a7
_bcbc
_corignew
_d1
_eocip
_f19
_gy-gencatlg
942 _2ddc
_cBK
999 _c39098
_d39098